20 joueurs de Serie A à retrouver (2024-2025) - Statistiques

Statistiques générales
  • Ce quiz a été pris 67 fois
  • Le résultat moyen est 13 sur 20
Statistiques - réponses
Par images Réponse % Correct
Dennis Man
100%
Ademola Lookman
97%
Matteo Guendouzi
97%
Mike Maignan
97%
Randal Kolo Muani
95%
Florian Thauvin
90%
Federico Dimarco
88%
Yerry Mina
88%
Mats Hummels
87%
Vitinha
83%
Ante Rebic
72%
Scott McTominay
70%
Davide Calabria
60%
Nico Paz
53%
Amir Richardson
30%
Samuele Ricci
23%
Stefano Sensi
20%
Gianluca Busio
18%
Christian Kouamé
15%
Darko Lazovic
10%
Aucun quiz correspondant
Distribution des résultats
% des personnes avec chaque résultat
Percentile par nombre de réponses
Votre historique - résultats
Vous n’avez pas pris ce quiz